[Event "Wroclaw Anderssen Memorial op-B"]
[Site "Wroclaw"]
[Date "2023.??.??"]
[Round "8"]
[White "Drukarczyk, Kacper"]
[Black "Stachowiak, Bruno"]
[Result "0-1"]
[WhiteElo "1370"]
[BlackElo "1540"]
[PlyCount "66"]
[EventDate "2023.08.06"]
[EventType "swiss"]
[EventRounds "9"]
[EventCountry "POL"]
[SourceTitle "EXT 2024"]
[Source "ChessBase"]
[SourceDate "2023.10.10"]
[SourceVersion "1"]
[SourceVersionDate "2023.10.10"]
[SourceQuality "1"]

1. d4 Nf6 2. Nf3 e6 3. Bg5 d5 4. e3 Be7 5. Nbd2 Nbd7 6. c4 0-0 7. Bd3 b6 8. Qc2 h6 9. Bh4 Bb7 10. cxd5 Nxd5 11. Bxe7 Qxe7 12. a3 c5 13. 0-0 Rac8 14. Qd1 cxd4 15. Nxd4 Nc5 16. Be2 Rfd8 17. Rc1 e5 18. N4b3 Nxe3 19. fxe3 Qg5 20. Rf2 Nxb3 21. Rxc8 Bxc8 22. Qxb3 Rxd2 23. Qxf7+ Kh7 24. Qb3 Bf5 25. Qc3 Rd5 26. Rf3 Rc5 27. Rg3 Rxc3 28. Rxg5 Rc1+ 29. Kf2 hxg5 30. Kf3 Rc2 31. g4 Bxg4+ 32. Kxg4 Rxe2 33. Kxg5 Rxe3 0-1

[Event "Wroclaw Anderssen Memorial op-B"]
[Site "Wroclaw"]
[Date "2023.??.??"]
[Round "3"]
[White "Miklaszewicz, Michal"]
[Black "Stachowiak, Bruno"]
[Result "1-0"]
[WhiteElo "1806"]
[BlackElo "1540"]
[PlyCount "171"]
[EventDate "2023.08.06"]
[EventType "swiss"]
[EventRounds "9"]
[EventCountry "POL"]
[SourceTitle "EXT 2024"]
[Source "ChessBase"]
[SourceDate "2023.10.10"]
[SourceVersion "1"]
[SourceVersionDate "2023.10.10"]
[SourceQuality "1"]

1. d4 Nf6 2. c4 e6 3. g3 Bb4+ 4. Nd2 d5 5. Bg2 0-0 6. Ngf3 b6 7. 0-0 Bb7 8. a3 Be7 9. cxd5 exd5 10. b4 Nbd7 11. Bb2 Re8 12. Ne5 Bd6 13. Ndf3 Qe7 14. Qb3 Ne4 15. Rfd1 Ndf6 16. Rac1 c5 17. bxc5 bxc5 18. dxc5 Nxc5 19. Qc2 Rac8 20. Qf5 Na4 21. Bd4 Bxa3 22. Ra1 Nc3 23. Re1 Nb5 24. e3 Nd6 25. Qd3 Bb4 26. Rec1 a5 27. Bh3 Ra8 28. Nc6 Bxc6 29. Rxc6 Nfe4 30. Rac1 Nc4 31. Qb3 a4 32. Qa2 Reb8 33. Bf1 Rc8 34. Rxc8+ Rxc8 35. Qxa4 Ba3 36. Rc2 Ned6 37. Ra2 Qb7 38. Rxa3 Nxa3 39. Qxa3 Nc4 40. Qa1 f6 41. Qa7 Qc6 42. Bh3 Rd8 43. Qe7 Qd6 44. Qxd6 Rxd6 45. Kg2 Kf7 46. Bf5 g6 47. Bd3 Rd8 48. h4 h6 49. Ne1 Ne5 50. Be2 h5 51. Nd3 Nc6 52. Bb6 Rb8 53. Bc5 Rd8 54. Kf1 d4 55. e4 Ne5 56. f4 Nc4 57. Kf2 Nd2 58. e5 f5 59. Bb6 Ra8 60. Bxd4 Ra3 61. Be3 Ne4+ 62. Kf3 Ke8 63. Bf1 Kf8 64. Nb4 Nxg3 65. Bc4 Ne4 66. Ke2 Ng3+ 67. Kd2 Ne4+ 68. Ke2 Ng3+ 69. Kf3 Ne4 70. Bd5 Ng3 71. Nc2 Ra5 72. Bb7 Nf1 73. Bd4 Nd2+ 74. Ke3 Nc4+ 75. Kd3 Na3 76. Nxa3 Rxa3+ 77. Kc4 Ke8 78. Bc6+ Kd8 79. Bb6+ Kc8 80. e6 Ra1 81. e7 Rc1+ 82. Kd5 Rd1+ 83. Ke6 Re1+ 84. Kf7 Rxe7+ 85. Kxe7 Kb8 86. Kf6 1-0

[Event "Wroclaw Anderssen Memorial op-B"]
[Site "Wroclaw"]
[Date "2023.??.??"]
[Round "7"]
[White "Stachowiak, Bruno"]
[Black "Krzyzosiak, Anna"]
[Result "0-1"]
[WhiteElo "1540"]
[BlackElo "1525"]
[PlyCount "122"]
[EventDate "2023.08.06"]
[EventType "swiss"]
[EventRounds "9"]
[EventCountry "POL"]
[SourceTitle "EXT 2024"]
[Source "ChessBase"]
[SourceDate "2023.10.10"]
[SourceVersion "1"]
[SourceVersionDate "2023.10.10"]
[SourceQuality "1"]

1. e4 c5 2. Nf3 d6 3. d4 cxd4 4. Nxd4 Nf6 5. Nc3 a6 6. Rg1 e5 7. Nb3 Be7 8. g4 Be6 9. Qf3 b5 10. Bd3 Nc6 11. g5 Nd7 12. Nd5 Nc5 13. c3 Nxd3+ 14. Qxd3 Rc8 15. h4 Nb8 16. Be3 Nd7 17. 0-0-0 Bxd5 18. exd5 b4 19. h5 bxc3 20. g6 hxg6 21. hxg6 f6 22. bxc3 Qc7 23. Rh1 Rxh1 24. Rxh1 Qxc3+ 25. Qxc3 Rxc3+ 26. Kd2 Rc7 27. Rh8+ Bf8 28. Na5 f5 29. Bh6 Nf6 30. Nc4 Ne4+ 31. Kd3 gxh6 32. f3 Nc5+ 33. Ke2 Nb7 34. Ne3 Rg7 35. Rxh6 Rg8 36. Rh7 Nc5 37. Nxf5 Rxg6 38. Rh8 Rf6 39. Ne3 Rh6 40. Rg8 Rh2+ 41. Rg2 Rxg2+ 42. Nxg2 Bh6 43. Nh4 Kd7 44. Nf5 Bc1 45. Kd1 Bf4 46. Kc2 Na4 47. Kd3 Nb6 48. Ke4 Nc4 49. Kd3 Nd2 50. Ke2 a5 51. Nh4 Nc4 52. Kd3 Ne3 53. Ke4 Nc2 54. a4 Nb4 55. Ng2 Bh6 56. Ne1 Na6 57. Nd3 Nc5+ 58. Nxc5+ dxc5 59. Kxe5 Bg7+ 60. Ke4 c4 61. f4 c3 0-1

[Event "Wroclaw Anderssen Memorial op-B"]
[Site "Wroclaw"]
[Date "2023.??.??"]
[Round "9"]
[White "Stachowiak, Bruno"]
[Black "Ksiezopolski, Jan"]
[Result "1-0"]
[WhiteElo "1540"]
[BlackElo "1151"]
[PlyCount "53"]
[EventDate "2023.08.06"]
[EventType "swiss"]
[EventRounds "9"]
[EventCountry "POL"]
[SourceTitle "EXT 2024"]
[Source "ChessBase"]
[SourceDate "2023.10.10"]
[SourceVersion "1"]
[SourceVersionDate "2023.10.10"]
[SourceQuality "1"]

1. e4 c6 2. d4 d5 3. Nc3 dxe4 4. Nxe4 Nf6 5. Nxf6+ exf6 6. c3 Bd6 7. Bd3 0-0 8. Qc2 h5 9. Ne2 Re8 10. Be3 Be6 11. 0-0 Qc7 12. h3 Qd7 13. Nf4 Bxf4 14. Bxf4 g5 15. Bh2 Na6 16. f4 g4 17. f5 Bd5 18. hxg4 hxg4 19. Rf4 Kh8 20. Rxg4 Rg8 21. Rh4+ Kg7 22. Qd2 Rh8 23. Rg4+ Kf8 24. c4 Bxc4 25. Bxc4 Qxf5 26. Bd6+ Ke8 27. Qe2+ 1-0